Chicago / (Record no. 320904)
[ view plain ]
| 000 -LEADER | |
|---|---|
| fixed length control field | 05374cgm a2201009Ma 4500 |
| 001 - CONTROL NUMBER | |
| control field | on1043207771 |
| 003 - CONTROL NUMBER IDENTIFIER | |
| control field | OCoLC |
| 005 - DATE AND TIME OF LATEST TRANSACTION | |
| control field | 20200320221430.0 |
| 007 - PHYSICAL DESCRIPTION FIXED FIELD--GENERAL INFORMATION | |
| fixed length control field | vd cvaizq |
| 008 - FIXED-LENGTH DATA ELEMENTS--GENERAL INFORMATION | |
| fixed length control field | 030813p20032002xxu113 vleng d |
| 020 ## - INTERNATIONAL STANDARD BOOK NUMBER | |
| International Standard Book Number | 0788849018 |
| 020 ## - INTERNATIONAL STANDARD BOOK NUMBER | |
| International Standard Book Number | 9780788849015 |
| 024 1# - OTHER STANDARD IDENTIFIER | |
| Standard number or code | 786936227956 |
| 028 42 - PUBLISHER NUMBER | |
| Publisher number | 32417 |
| Source | Touchstone Home Video |
| 035 ## - SYSTEM CONTROL NUMBER | |
| System control number | (OCoLC)1043207771 |
| 037 ## - SOURCE OF ACQUISITION | |
| Source of stock number/acquisition | Midwest Tapes |
| Note | http://www.midwesttapes.com |
| 040 ## - CATALOGING SOURCE | |
| Original cataloging agency | QNC |
| Language of cataloging | eng |
| Transcribing agency | QNC |
| Modifying agency | OCLCO |
| -- | OCLCF |
| -- | OCLCQ |
| -- | OCLCO |
| -- | M$I |
| -- | WACOL |
| 041 0# - LANGUAGE CODE | |
| Language code of text/sound track or separate title | fre |
| -- | spa |
| 043 ## - GEOGRAPHIC AREA CODE | |
| Geographic area code | n-us-il |
| 049 ## - LOCAL HOLDINGS (OCLC) | |
| Holding library | WACL |
| 092 ## - LOCALLY ASSIGNED DEWEY CALL NUMBER (OCLC) | |
| Classification number | DVD |
| 092 ## - LOCALLY ASSIGNED DEWEY CALL NUMBER (OCLC) | |
| Classification number | DVD |
| Item number | Chi |
| 245 00 - TITLE STATEMENT | |
| Title | Chicago / |
| Statement of responsibility, etc | a Producer Circle Co. production ; a Zadan/Meron production ; a Miramax Films production ; produced by Martin Richards ; screenplay by Bill Condon ; directed by Rob Marshall. |
| 250 ## - EDITION STATEMENT | |
| Edition statement | Widescreen version. |
| 260 ## - PUBLICATION, DISTRIBUTION, ETC. (IMPRINT) | |
| Place of publication, distribution, etc | [United States] : |
| Name of publisher, distributor, etc | Miramax Home Entertainment, |
| Date of publication, distribution, etc | 2003. |
| 300 ## - PHYSICAL DESCRIPTION | |
| Extent | 1 videodisc (113 min.) : |
| Other physical details | sound, color ; |
| Dimensions | 4 3/4 in. |
| 336 ## - Content Type | |
| Content type term | two-dimensional moving image |
| 337 ## - Media type | |
| Media type term | video |
| 338 ## - Carrier type | |
| Carrier type term | videodisc |
| 500 ## - GENERAL NOTE | |
| General note | Closed-captioned for the hearing impaired. |
| 500 ## - GENERAL NOTE | |
| General note | Based on the musical play Chicago, directed and choreographed for the stage by Bob Fosse; based on the play by Maurine Dallas Watkins. |
| 500 ## - GENERAL NOTE | |
| General note | Special features include : Deleted musical number "Class" performed by Catherine Zeta-Jones and Queen Latifah ; behind-the-scenes special ; director and screenwriter commentary. |
| 508 ## - CREATION/PRODUCTION CREDITS NOTE | |
| Creation/production credits note | Director of photography, Dion Beebe ; editor, Martin Walsh ; music, John Kander ; lyrics, Fred Ebb ; original score music, Danny Elfman ; costume designer, Colleen Atwood ; production designer, John Myhre ; choreography, Rob Marshall. |
| 511 1# - PARTICIPANT OR PERFORMER NOTE | |
| Participant or performer note | Renee Zellweger, Catherine Zeta-jones, Richard Gere, Queen Latifah, John C. Reily, Taye Diggs, Lucy Liu, Christine Baranski, Colm Feore. |
| 520 ## - SUMMARY, ETC. | |
| Summary, etc | At a time when crimes of passion result in celebrity headlines, nightclub sensation Velma kelly and spotlight-seeking Roxie Hart both find themselves on Chicago's famed Murderess Row. They also share Billy Flynn, the town's slickest lawyer with a talent for turning notorious defendants into local legends. |
| 521 8# - TARGET AUDIENCE NOTE | |
| Target audience note | Rated PG-13 for sexual content and dialogue, violence and thematic elements. |
| 538 ## - SYSTEM DETAILS NOTE | |
| System details note | DVD. |
| 546 ## - LANGUAGE NOTE | |
| Language note | Dialogue in English or French; subtitles in English or Spanish. |
| 546 ## - LANGUAGE NOTE | |
| Language note | In English or French with optional Spanish subtitles. |
| 586 8# - AWARDS NOTE | |
| Awards note | Academy Awards, 2003: Best Motion Picture of the Year (Marty Richards); Best Performance by an Actress in a Supporting Role (Catherine ZetapJones); Best Achievement in Editing (Martin Walsh); Best Achievement in Costume Design (Colleen Atwood); Best Achievement in Art Direction (John Myhre, Gordon Sim); Best Achievement in Sound (Michael Minkler, Dominic Tavella, David Lee). |
| 586 8# - AWARDS NOTE | |
| Awards note | Golden Globes, 2003: Best Motion Picture-Musical or Comedy; Best Performace by an Actor in a Motion Picture-Musical or Comedy (Richard Gere); Best Performance by an Actress in a Motion Picture-Musical or Comedy (Renee Zellweger). |
| 521 ## - TARGET AUDIENCE NOTE | |
| Target audience note | DVD |
| Source | Donation |
| 651 #0 - SUBJECT ADDED ENTRY--GEOGRAPHIC NAME | |
| Geographic name | Chicago (Ill.) |
| Form subdivision | Drama. |
| 9 (RLIN) | 5727708 |
| 650 #0 - SUBJECT ADDED ENTRY--TOPICAL TERM | |
| Topical term or geographic name as entry element | Criminals |
| Form subdivision | Drama. |
| 9 (RLIN) | 5748142 |
| 650 #7 - SUBJECT ADDED ENTRY--TOPICAL TERM | |
| Topical term or geographic name as entry element | Criminals. |
| Source of heading or term | fast |
| -- | (OCoLC)fst00883516 |
| 9 (RLIN) | 6008142 |
| 651 #7 - SUBJECT ADDED ENTRY--GEOGRAPHIC NAME | |
| Geographic name | Illinois |
| Geographic subdivision | Chicago. |
| Source of heading or term | fast |
| -- | (OCoLC)fst01204048 |
| 9 (RLIN) | 5707933 |
| 655 #7 - INDEX TERM--GENRE/FORM | |
| Genre/form data or focus term | Drama. |
| Source of term | fast |
| -- | (OCoLC)fst01423879 |
| 9 (RLIN) | 5673873 |
| 655 #7 - INDEX TERM--GENRE/FORM | |
| Genre/form data or focus term | Feature films. |
| Source of term | fast |
| -- | (OCoLC)fst01710384 |
| 9 (RLIN) | 6008143 |
| 655 #7 - INDEX TERM--GENRE/FORM | |
| Genre/form data or focus term | Film adaptations. |
| Source of term | fast |
| -- | (OCoLC)fst01710491 |
| 9 (RLIN) | 6008144 |
| 655 #7 - INDEX TERM--GENRE/FORM | |
| Genre/form data or focus term | Musical films. |
| Source of term | fast |
| -- | (OCoLC)fst01710273 |
| 9 (RLIN) | 102735 |
| 655 #7 - INDEX TERM--GENRE/FORM | |
| Genre/form data or focus term | Musicals. |
| Source of term | fast |
| -- | (OCoLC)fst01726680 |
| 9 (RLIN) | 5739183 |
| 655 #7 - INDEX TERM--GENRE/FORM | |
| Genre/form data or focus term | Video recordings for the hearing impaired. |
| Source of term | fast |
| -- | (OCoLC)fst01710450 |
| 9 (RLIN) | 6008145 |
| 655 #7 - INDEX TERM--GENRE/FORM | |
| Genre/form data or focus term | Feature films. |
| Source of term | lcgft |
| 9 (RLIN) | 6008143 |
| 655 #7 - INDEX TERM--GENRE/FORM | |
| Genre/form data or focus term | Musical films. |
| Source of term | lcgft |
| 9 (RLIN) | 102735 |
| 655 #7 - INDEX TERM--GENRE/FORM | |
| Genre/form data or focus term | Musicals. |
| Source of term | lcgft |
| 9 (RLIN) | 5739183 |
| 655 #7 - INDEX TERM--GENRE/FORM | |
| Genre/form data or focus term | Video recordings for the hearing impaired. |
| Source of term | lcgft |
| 9 (RLIN) | 6008145 |
| 655 #7 - INDEX TERM--GENRE/FORM | |
| Genre/form data or focus term | Film adaptations. |
| Source of term | lcgft |
| 9 (RLIN) | 6008144 |
| 655 #7 - INDEX TERM--GENRE/FORM | |
| Genre/form data or focus term | Videodiscs. |
| Source of term | lcgft |
| 9 (RLIN) | 5674338 |
| 700 1# - ADDED ENTRY--PERSONAL NAME | |
| Personal name | Richards, Martin. |
| 9 (RLIN) | 69629 |
| 700 1# - ADDED ENTRY--PERSONAL NAME | |
| Personal name | Condon, Bill, |
| Dates associated with a name | 1955- |
| 9 (RLIN) | 65745 |
| 700 1# - ADDED ENTRY--PERSONAL NAME | |
| Personal name | Marshall, Rob. |
| 9 (RLIN) | 46622 |
| 700 1# - ADDED ENTRY--PERSONAL NAME | |
| Personal name | Zellweger, Renée, |
| Dates associated with a name | 1969- |
| 9 (RLIN) | 6008146 |
| 700 1# - ADDED ENTRY--PERSONAL NAME | |
| Personal name | Zeta-Jones, Catherine, |
| Dates associated with a name | 1969- |
| 9 (RLIN) | 61183 |
| 700 1# - ADDED ENTRY--PERSONAL NAME | |
| Personal name | Gere, Richard, |
| Dates associated with a name | 1949- |
| 9 (RLIN) | 26703 |
| 700 0# - ADDED ENTRY--PERSONAL NAME | |
| Personal name | Queen Latifah, |
| Dates associated with a name | 1970- |
| 9 (RLIN) | 5771297 |
| 700 1# - ADDED ENTRY--PERSONAL NAME | |
| Personal name | Reilly, John C., |
| Dates associated with a name | 1965- |
| 9 (RLIN) | 64716 |
| 700 1# - ADDED ENTRY--PERSONAL NAME | |
| Personal name | Liu, Lucy, |
| Dates associated with a name | 1968- |
| 9 (RLIN) | 504 |
| 700 1# - ADDED ENTRY--PERSONAL NAME | |
| Personal name | Diggs, Taye. |
| 9 (RLIN) | 63936 |
| 700 1# - ADDED ENTRY--PERSONAL NAME | |
| Personal name | Baranski, Christine. |
| 9 (RLIN) | 61135 |
| 700 1# - ADDED ENTRY--PERSONAL NAME | |
| Personal name | Feore, Colm, |
| Dates associated with a name | 1958- |
| 9 (RLIN) | 6008147 |
| 700 1# - ADDED ENTRY--PERSONAL NAME | |
| Personal name | Beebe, Dion. |
| 9 (RLIN) | 69990 |
| 700 1# - ADDED ENTRY--PERSONAL NAME | |
| Personal name | Walsh, Martin. |
| 9 (RLIN) | 66779 |
| 700 1# - ADDED ENTRY--PERSONAL NAME | |
| Personal name | Kander, John. |
| 9 (RLIN) | 17364 |
| 700 1# - ADDED ENTRY--PERSONAL NAME | |
| Personal name | Ebb, Fred. |
| 9 (RLIN) | 21174 |
| 700 1# - ADDED ENTRY--PERSONAL NAME | |
| Personal name | Elfman, Danny. |
| 9 (RLIN) | 36232 |
| 700 1# - ADDED ENTRY--PERSONAL NAME | |
| Personal name | Atwood, Colleen. |
| 9 (RLIN) | 69991 |
| 700 1# - ADDED ENTRY--PERSONAL NAME | |
| Personal name | Myhre, John. |
| 9 (RLIN) | 69992 |
| 700 1# - ADDED ENTRY--PERSONAL NAME | |
| Personal name | Fosse, Bob, |
| Dates associated with a name | 1927-1987. |
| Title of a work | Chicago. |
| 9 (RLIN) | 69256 |
| 700 1# - ADDED ENTRY--PERSONAL NAME | |
| Personal name | Watkins, Maurine. |
| Title of a work | Chicago. |
| 9 (RLIN) | 76496 |
| 710 2# - ADDED ENTRY--CORPORATE NAME | |
| Corporate name or jurisdiction name as entry element | Producer Circle Company. |
| 9 (RLIN) | 59238 |
| 710 2# - ADDED ENTRY--CORPORATE NAME | |
| Corporate name or jurisdiction name as entry element | Miramax Films. |
| 9 (RLIN) | 60905 |
| 710 2# - ADDED ENTRY--CORPORATE NAME | |
| Corporate name or jurisdiction name as entry element | Miramax Home Entertainment (Firm) |
| 9 (RLIN) | 76097 |
| 942 ## - ADDED ENTRY ELEMENTS (KOHA) | |
| Koha item type | DVD |
| 948 ## - LOCAL PROCESSING INFORMATION (OCLC); SERIES PART DESIGNATOR (RLIN) | |
| Series part designator, SPT (RLIN) | 08/10/2019 |
| z (OCLC) | Sirsi |
| 994 ## - | |
| -- | C0 |
| -- | WACOL |
| 996 ## - | |
| -- | 168550 |
| -- | 34301001635848 |
| -- | DVD |
| -- | DVD |
| -- | wcl |
| -- | i |
| -- | 1 |
| -- | 10.95 |
| -- | Donation |
| -- | Chi |
| -- | 08/10/2019 |
| -- | 11/26/2019 |
| -- | 11/22/2019 |
| Withdrawn status | Lost status | Source of classification or shelving scheme | Damaged status | Not for loan | Collection code | Home library | Current library | Shelving location | Date acquired | Source of acquisition | Cost, normal purchase price | Total Checkouts | Total Renewals | Full call number | Barcode | Date last seen | Date checked out | Cost, replacement price | Price effective from | Koha item type |
|---|---|---|---|---|---|---|---|---|---|---|---|---|---|---|---|---|---|---|---|---|
| Dewey Decimal Classification | Movies | Wasatch County Library | Wasatch County Library | Audio Visual Area | 08/10/2019 | Donation | 10.95 | 7 | 5 | DVD Chi | 34301001635848 | 03/11/2025 | 02/25/2025 | 10.95 | 03/20/2020 | DVD |
